[Event "20th EUR-ch"]
[Site "Skopje MKD"]
[Date "2019.03.27"]
[Round "9"]
[White "Mihov, Filip"]
[Black "Ibanez Aullana, Ramon"]
[Result "0-1"]
[WhiteElo "2152"]
[BlackElo "2283"]
[EventDate "2019.03.18"]
[Board "148"]
[PlyCount "70"]

1.d4 g6 2.c4 Nf6 3.Nc3 Bg7 4.e4 O-O 5.Nf3 d6 6.Be2 e5 7.d5 a5 8.h3 Na6 9.
Bg5 Qe8 10.g4 Nc5 11.Nd2 h6 12.Be3 Nh7 13.Qc2 f5 14.exf5 gxf5 15.Rg1 Ng5 
16.Bxg5 hxg5 17.gxf5 Bxf5 18.Nde4 Qg6 19.Bd3 Nxd3+ 20.Qxd3 Bh6 21.O-O-O 
Kh8 22.Kb1 Qh5 23.Rg3 Bh7 24.Re1 Rf4 25.Qd2 Qh4 26.Qe2 Raf8 27.Ka1 Rxf2 
28.Qd1 R2f3 29.Rxf3 Rxf3 30.c5 Rd3 31.Qe2 g4 32.cxd6 Re3 33.Qxe3 Bxe3 34.
Rxe3 cxd6 35.Nxd6 Qf2 0-1

[Event "20th EUR-ch"]
[Site "Skopje MKD"]
[Date "2019.03.27"]
[Round "9"]
[White "Risteski, Emil"]
[Black "Unuk, Laura"]
[Result "1-0"]
[WhiteElo "2132"]
[BlackElo "2266"]
[EventDate "2019.03.18"]
[Board "149"]
[PlyCount "63"]

1.Nf3 d5 2.g3 c5 3.Bg2 Nc6 4.O-O Nf6 5.d3 e6 6.Nbd2 Be7 7.e4 O-O 8.Re1 a5 
9.e5 Nd7 10.Nf1 a4 11.a3 Re8 12.h4 b5 13.N1h2 b4 14.Ng4 Bf8 15.Bf4 bxa3 
16.bxa3 Ba6 17.Ne3 Nd4 18.c4 Nb3 19.Rb1 Nb6 20.Nd2 Nd4 21.Qg4 Kh8 22.Rb2 
Rc8 23.Reb1 Nd7 24.Qd1 Qa5 25.cxd5 Bxd3 26.Ndc4 Bxc4 27.Nxc4 Qa6 28.Nb6 
Rcd8 29.Nxd7 Rxd7 30.d6 f6 31.Qg4 fxe5 32.Bxe5 {59....1-0} 1-0

[Event "20th EUR-ch"]
[Site "Skopje MKD"]
[Date "2019.03.27"]
[Round "9"]
[White "Ozenir, Ekin Baris"]
[Black "Angun, Batu"]
[Result "1-0"]
[WhiteElo "2265"]
[BlackElo "2076"]
[EventDate "2019.03.18"]
[Board "150"]
[PlyCount "33"]

1.d4 Nf6 2.Nf3 g6 3.Nbd2 d5 4.e3 Bg7 5.b4 O-O 6.c4 a5 7.b5 dxc4 8.Bxc4 c6 
9.a4 Nbd7 10.bxc6 bxc6 11.Ba3 Nd5 12.Rc1 Nb4 13.Be2 c5 14.O-O cxd4 15.Nxd4
Bb7 16.N4b3 Be4 17.Nc4 {37...1-0} 1-0

[Event "20th EUR-ch"]
[Site "Skopje MKD"]
[Date "2019.03.27"]
[Round "9"]
[White "Martic, Zlatko"]
[Black "Trisha, Kanyamarala"]
[Result "1-0"]
[WhiteElo "2261"]
[BlackElo "2061"]
[EventDate "2019.03.18"]
[Board "151"]
[PlyCount "99"]

1.d4 d5 2.c4 e6 3.Nc3 Bb4 4.e3 Nf6 5.Nf3 O-O 6.a3 Bxc3+ 7.bxc3 Nbd7 8.cxd5
exd5 9.c4 c6 10.Bd3 Re8 11.O-O Ne4 12.Qc2 Nf8 13.Rb1 Ng6 14.Nd2 Qe7 15.f3 
Nf6 16.Re1 Nh5 17.Bb2 Qg5 18.Nf1 Nh4 19.Kh1 Ng6 20.Bc1 Qd8 21.Bd2 Nf6 22.
Ng3 Rb8 23.Ne2 b6 24.Qa4 Qc7 25.Rbc1 Qb7 26.Rc2 Bd7 27.Qb3 Be6 28.cxd5 
cxd5 29.Nc3 Ne7 30.Nb5 Nf5 31.Rc7 Qa6 32.Nd6 b5 33.Nxf5 Bxf5 34.Bxf5 Qd6 
35.Rc5 a6 36.Rec1 g6 37.Rc6 Qd8 38.Bd3 Rb6 39.Rxb6 Qxb6 40.a4 Rb8 41.axb5 
axb5 42.Rb1 h5 43.Qxb5 Qxb5 44.Rxb5 Ra8 45.Kg1 Ra2 46.Be1 g5 47.e4 Ra1 48.
Kf1 dxe4 49.Rxg5+ Kf8 50.Bxe4 1-0

[Event "20th EUR-ch"]
[Site "Skopje MKD"]
[Date "2019.03.27"]
[Round "9"]
[White "Tarun, Kanyamarala"]
[Black "Maltsevskaya, Aleksandra"]
[Result "0-1"]
[WhiteElo "2027"]
[BlackElo "2252"]
[EventDate "2019.03.18"]
[Board "152"]
[PlyCount "78"]

1.d4 Nf6 2.Nf3 b6 3.c4 Bb7 4.Nc3 g6 5.d5 Bg7 6.e4 d6 7.Be2 O-O 8.O-O c6 9.
Nd4 a6 10.Be3 c5 11.Nc2 b5 12.cxb5 axb5 13.Bxb5 Na6 14.Na3 Nc7 15.Bd3 e6 
16.dxe6 fxe6 17.Qe2 Nh5 18.Qd2 Rf7 19.Be2 d5 20.Bg5 Qf8 21.Ncb5 Nxb5 22.
Nxb5 Nf4 23.Bxf4 Rxf4 24.Nc7 Rxe4 25.Nxa8 Bxa8 26.Bf3 Rd4 27.Qe2 e5 28.
Rfd1 Rxd1+ 29.Rxd1 e4 30.Bg4 d4 31.Qc4+ Kh8 32.Rc1 h5 33.Qxc5 Qf4 34.Be6 
e3 35.Qc8+ Kh7 36.fxe3 dxe3 37.Qg8+ Kh6 38.Bd5 e2 39.g3 Qxc1+ 0-1

[Event "20th EUR-ch"]
[Site "Skopje MKD"]
[Date "2019.03.27"]
[Round "9"]
[White "Bytyqi, Gzim"]
[Black "Csiki, Endre"]
[Result "0-1"]
[WhiteElo "1994"]
[BlackElo "2251"]
[EventDate "2019.03.18"]
[Board "153"]
[PlyCount "29"]

1.c4 e5 2.g3 Nc6 3.Nc3 Bc5 4.Bg2 d6 5.e3 a6 6.Nge2 Ba7 7.O-O h5 8.h3 f5 9.
f4 h4 10.fxe5 dxe5 11.b4 Nce7 12.Qc2 Rh6 13.Nd5 Nf6 14.Nxf6+ gxf6 15.Bb2 {
22 0-1...} 0-1

[Event "20th EUR-ch"]
[Site "Skopje MKD"]
[Date "2019.03.27"]
[Round "9"]
[White "Doncevic, Dario"]
[Black "Velkovski, Kristijan"]
[Result "1/2-1/2"]
[WhiteElo "2249"]
[BlackElo "2003"]
[EventDate "2019.03.18"]
[Board "154"]
[PlyCount "108"]

1.Nf3 d5 2.d4 Nf6 3.e3 e6 4.Bd3 Bd6 5.O-O O-O 6.b3 Nbd7 7.Bb2 b6 8.Ne5 c5 
9.Nd2 Bb7 10.Qe2 Qc7 11.Ndf3 Ne4 12.Nxd7 Qxd7 13.Ne5 Qc7 14.f3 Nf6 15.c4 
Nd7 16.Nxd7 Qxd7 17.dxc5 Bxc5 18.Rad1 Qe7 19.g3 Rad8 20.Kg2 Rd7 21.cxd5 
exd5 22.Bd4 Bxd4 23.exd4 Qxe2+ 24.Bxe2 Rc7 25.Bd3 Re8 26.Kf2 g6 27.Rfe1 
Rxe1 28.Kxe1 Kf8 29.Kd2 Ke7 30.h4 Kf6 31.Re1 Re7 32.Rc1 Ke6 33.g4 Kd6 34.
g5 f5 35.h5 Rg7 36.Rh1 Bc8 37.Ke3 Re7+ 38.Kf4 Re6 39.hxg6 hxg6 40.Rh7 Bd7 
41.Ba6 b5 42.Rg7 b4 43.Bb7 a5 44.Bxd5 Kxd5 45.Rxd7+ Rd6 46.Ra7 Kxd4 47.
Rxa5 Re6 48.a3 bxa3 49.Rxa3 Kc3 50.Ra5 Kxb3 51.Re5 Rc6 52.Re3+ Kc2 53.Ke5 
Kd2 54.Ra3 Ke2 1/2-1/2

[Event "20th EUR-ch"]
[Site "Skopje MKD"]
[Date "2019.03.27"]
[Round "9"]
[White "Milikow, Elie"]
[Black "Karaoglan, Kivanc"]
[Result "1/2-1/2"]
[WhiteElo "2226"]
[BlackElo "1943"]
[EventDate "2019.03.18"]
[Board "155"]
[PlyCount "76"]

1.e4 e5 2.Nf3 Nc6 3.Bc4 Nf6 4.d3 Be7 5.O-O O-O 6.h3 a6 7.a4 h6 8.Re1 d6 9.
c3 Be6 10.Nbd2 Qd7 11.a5 Rfe8 12.Bxe6 fxe6 13.Nc4 Rf8 14.d4 exd4 15.e5 Nd5
16.exd6 cxd6 17.Nxd4 Nxd4 18.Qxd4 Rad8 19.Bd2 Bf6 20.Qe4 Nxc3 21.Bxc3 d5 
22.Qxe6+ Qxe6 23.Rxe6 dxc4 24.Bxf6 Rxf6 25.Rxf6 gxf6 26.Ra4 Rd1+ 27.Kh2 
Rd2 28.Rxc4 Rxb2 29.Rc7 Rxf2 30.Rxb7 Rf5 31.Rb6 Rxa5 32.Rxf6 Kg7 33.Rb6 
Ra3 34.h4 h5 35.g3 Ra2+ 36.Kh3 Kh7 37.Rb7+ Kg6 38.Rb6+ Kh7 1/2-1/2

[Event "20th EUR-ch"]
[Site "Skopje MKD"]
[Date "2019.03.27"]
[Round "9"]
[White "Caglar, Sila"]
[Black "Jarvenpaa, Jari"]
[Result "1-0"]
[WhiteElo "2094"]
[BlackElo "2243"]
[EventDate "2019.03.18"]
[Board "156"]
[PlyCount "117"]

1.e4 d6 2.d4 Nf6 3.Nc3 e5 4.Nf3 Nbd7 5.g4 h6 6.Rg1 c6 7.a4 a5 8.Be3 Qc7 9.
Qd2 g6 10.O-O-O Bg7 11.h4 h5 12.dxe5 dxe5 13.gxh5 Nxh5 14.Bc4 Nf4 15.Ng5 
O-O 16.Ne2 Nh5 17.Ng3 Nxg3 18.Rxg3 Nf6 19.Bc5 Bg4 20.Rdg1 Bh5 21.Bd6 Qb6 
22.Rb3 Qa7 23.Bxf8 Rxf8 24.Rf1 Bh6 25.f3 Qc5 26.Qc3 b6 27.Ba6 Nd7 28.Kb1 
Qxc3 29.Rxc3 Nc5 30.Bc4 Bxg5 31.hxg5 Nxa4 32.Rd3 Nc5 33.Rd6 Rc8 34.Kc1 Kf8
35.Rf6 Rc7 36.Rd1 b5 37.Ba2 Nb7 38.Rd2 Ke8 39.Kd1 Nc5 40.Ke1 Nb7 41.Kf2 
Nd8 42.Ke3 Ke7 43.c3 a4 44.f4 exf4+ 45.Kxf4 c5 46.Rb6 c4 47.Rxb5 Ne6+ 48.
Ke3 Ke8 49.Rdd5 Ra7 50.Ra5 Rb7 51.Rdb5 Rc7 52.Rxa4 Bd1 53.Rxc4 Ra7 54.Rc8+
Kd7 55.Bxe6+ Kxe6 56.Rb6+ Kd7 57.Rf8 Ke7 58.Rfb8 Ra5 59.R8b7+ 1-0

[Event "20th EUR-ch"]
[Site "Skopje MKD"]
[Date "2019.03.27"]
[Round "9"]
[White "Sukovic, Andrej"]
[Black "Bejatovic, Bojana"]
[Result "1-0"]
[WhiteElo "2235"]
[BlackElo "2058"]
[EventDate "2019.03.18"]
[Board "157"]
[PlyCount "69"]

1.e4 c5 2.Nf3 e6 3.d4 cxd4 4.Nxd4 Nf6 5.Nc3 Nc6 6.Nxc6 bxc6 7.e5 Nd5 8.Ne4
Qc7 9.f4 Qb6 10.c4 Ne3 11.Qd3 Bb4+ 12.Bd2 O-O 13.Rc1 Ba6 14.Bxb4 Qxb4+ 15.
Qd2 Qxd2+ 16.Kxd2 Nxf1+ 17.Rhxf1 Rab8 18.Kc3 f5 19.Nc5 Bc8 20.Rcd1 Rf7 21.
Rf3 Kf8 22.Rh3 h6 23.Rhd3 Ke8 24.h4 a5 25.h5 Re7 26.Rd6 g5 27.fxg5 hxg5 
28.g4 Rh7 29.Rh1 Ke7 30.h6 Rb4 31.Kd4 Kf7 32.Nxd7 Bxd7 33.Rxd7+ Kg8 34.Rd6
fxg4 35.Rxe6 1-0

[Event "20th EUR-ch"]
[Site "Skopje MKD"]
[Date "2019.03.27"]
[Round "9"]
[White "Tadic, Stefan"]
[Black "Terziev, Dimo"]
[Result "1-0"]
[WhiteElo "2223"]
[BlackElo "2041"]
[EventDate "2019.03.18"]
[Board "158"]
[PlyCount "147"]

1.e4 e6 2.d4 d5 3.Nc3 Bb4 4.e5 c5 5.Bd2 Ne7 6.Nb5 Bxd2+ 7.Qxd2 O-O 8.f4 b6
9.Nf3 Ba6 10.a4 Nbc6 11.Bd3 c4 12.Be2 f6 13.O-O fxe5 14.dxe5 Nf5 15.g4 Nh6
16.Ng5 Qe7 17.Nxe6 Qxe6 18.Nc7 Qf7 19.Nxa6 Rad8 20.b3 Qg6 21.h3 Nf5 22.Kh2
Nfd4 23.bxc4 Nxe2 24.Qxe2 dxc4 25.Qxc4+ Kh8 26.Rad1 Rc8 27.Qd3 Qh6 28.Qe4 
Qe6 29.Rd6 Qe8 30.Rf2 Nxe5 31.Re2 Nc4 32.Qxe8 Rcxe8 33.Rxe8 Rxe8 34.Rd4 
Ne3 35.c3 h6 36.Nb4 a5 37.Nd3 Nd1 38.c4 Re2+ 39.Kg3 Re3+ 40.Kh4 Nc3 41.f5 
Ne2 42.Rd7 Ng1 43.Nf4 Kh7 44.Rd3 Rxd3 45.Nxd3 Ne2 46.g5 Nc3 47.Nb2 Kg8 48.
gxh6 gxh6 49.Kg4 Kg7 50.h4 Kf6 51.h5 Ke5 52.Nd3+ Kf6 53.c5 bxc5 54.Nxc5 
Ke5 55.Nd7+ Kd6 56.Nb6 Ke5 57.Nd7+ Kd6 58.Nb6 Ke5 59.Nc4+ Kf6 60.Nxa5 Nxa4
61.Nc4 Nc5 62.Ne3 Nd7 63.Kf4 Nf8 64.Ng4+ Kg7 65.f6+ Kf7 66.Kf5 Nd7 67.
Nxh6+ Kf8 68.Ng4 Kg8 69.Ke6 Nf8+ 70.Ke7 Nh7 71.f7+ Kg7 72.h6+ Kg6 73.f8=Q 
Nxf8 74.Kxf8 1-0

[Event "20th EUR-ch"]
[Site "Skopje MKD"]
[Date "2019.03.27"]
[Round "9"]
[White "Veleski, Robert"]
[Black "Birkholz, Olga"]
[Result "1-0"]
[WhiteElo "2177"]
[BlackElo "2037"]
[EventDate "2019.03.18"]
[Board "159"]
[PlyCount "101"]

1.g3 g6 2.Bg2 Bg7 3.Nf3 f5 4.O-O Nf6 5.b3 d6 6.d4 O-O 7.Bb2 Qe8 8.c4 Nc6 
9.Nc3 Bd7 10.Nb5 Qc8 11.d5 Nd8 12.Nbd4 c5 13.Nc2 a6 14.e3 b5 15.Rb1 Rb8 
16.h4 h6 17.Nd2 Nf7 18.f4 bxc4 19.Nxc4 Ne4 20.Qe1 Bxb2 21.Rxb2 Qb7 22.Bxe4
fxe4 23.Qd2 Bb5 24.N2a3 Qd7 25.Qg2 Qf5 26.Rd1 h5 27.Nxb5 axb5 28.Nd2 Qxd5 
29.Rbb1 Nh6 30.Nxe4 Qa8 31.Nc3 Qxg2+ 32.Kxg2 Nf5 33.Kf3 b4 34.Ne4 Ra8 35.
Rb2 Ra5 36.Re2 Rd8 37.g4 d5 38.Ng5 hxg4+ 39.Kxg4 Ng7 40.Nf3 Rd6 41.Ne5 Ne8
42.Rg1 Kh7 43.Reg2 Rda6 44.Kf3 Rxa2 45.Rg5 Rb2 46.Nxg6 Rxg6 47.Rxg6 Rxb3 
48.Re6 Nf6 49.Rxe7+ Kh8 50.Rg6 Ne4 51.Rb6 1-0

[Event "20th EUR-ch"]
[Site "Skopje MKD"]
[Date "2019.03.27"]
[Round "9"]
[White "Pantovic, Dragan M"]
[Black "Chigaeva, Anastasia"]
[Result "1/2-1/2"]
[WhiteElo "2063"]
[BlackElo "2167"]
[EventDate "2019.03.18"]
[Board "160"]
[PlyCount "59"]

1.d4 d5 2.c4 c6 3.Nf3 Nf6 4.Nc3 dxc4 5.a4 Bf5 6.Ne5 Nbd7 7.Nxc4 Nb6 8.Ne5 
a5 9.g3 Nfd7 10.Nf3 e6 11.Bg2 Bb4 12.Nh4 Bg4 13.O-O O-O 14.Qd3 Be7 15.Nf3 
Nd5 16.e4 Nb4 17.Qe2 e5 18.dxe5 Nxe5 19.Rd1 Qb6 20.Bf4 Nxf3+ 21.Bxf3 Bxf3 
22.Qxf3 Rad8 23.Be3 Bc5 24.Rxd8 Rxd8 25.Bxc5 Qxc5 26.Rd1 Qe7 27.Qf5 Rxd1+ 
28.Nxd1 Qd8 29.Ne3 h6 30.e5 1/2-1/2

[Event "20th EUR-ch"]
[Site "Skopje MKD"]
[Date "2019.03.27"]
[Round "9"]
[White "Kacakovski, Dimitar"]
[Black "Lahav, Michal"]
[Result "1-0"]
[WhiteElo "2043"]
[BlackElo "2158"]
[EventDate "2019.03.18"]
[Board "161"]
[PlyCount "145"]

1.Nf3 c5 2.e4 d6 3.c3 Nf6 4.Bd3 g6 5.Bc2 Bg7 6.h3 Nc6 7.d4 cxd4 8.cxd4 O-O
9.Nc3 a6 10.O-O b5 11.a3 Rb8 12.d5 Na5 13.Nd4 Bd7 14.b3 Qc7 15.Bb2 Rfc8 
16.Qd2 Qb6 17.Nce2 e5 18.dxe6 fxe6 19.Bc3 Nc6 20.Rfd1 Ne5 21.Bb1 Nf7 22.
Ba5 Qa7 23.Ra2 Bh6 24.Qe1 Qb7 25.Nc3 Rf8 26.Nc2 Qa7 27.Ne3 Rbc8 28.Ng4 
Nxg4 29.hxg4 Bg7 30.Rc2 Be5 31.Qd2 Nd8 32.Bb4 Nb7 33.Na2 Nc5 34.Qe3 Rf7 
35.g3 a5 36.Bc3 Bxc3 37.Nxc3 Qb8 38.b4 axb4 39.axb4 Na6 40.Rb2 Rc4 41.Rd4 
Rf3 42.Qxf3 Rxd4 43.e5 d5 44.Qf6 Qf8 45.Ra2 Nxb4 46.Ra7 Qxf6 47.exf6 Be8 
48.Re7 Kf8 49.g5 Rc4 50.Ne2 Bf7 51.Kg2 Nc6 52.Rb7 b4 53.Bd3 Rc5 54.Bb5 e5 
55.Bxc6 Rxc6 56.Rxb4 d4 57.Rb8+ Be8 58.Rd8 Kf7 59.Ng1 Rc1 60.Nh3 Rc2 61.
Kf1 Bb5+ 62.Ke1 Rc1+ 63.Kd2 Rh1 64.Rb8 Bc6 65.Rc8 Bd7 66.Rc7 Ke8 67.f7+ 
Kxf7 68.Rxd7+ Ke6 69.Rxh7 Kd5 70.f3 Ra1 71.Re7 Ra2+ 72.Kc1 Ra1+ 73.Kb2 1-0

[Event "20th EUR-ch"]
[Site "Skopje MKD"]
[Date "2019.03.27"]
[Round "9"]
[White "Sekelja, Marko"]
[Black "Vetokhin, Savva"]
[Result "1/2-1/2"]
[WhiteElo "2120"]
[BlackElo "2022"]
[EventDate "2019.03.18"]
[Board "162"]
[PlyCount "142"]

1.e4 e6 2.d4 d5 3.Nc3 Bb4 4.Bd3 dxe4 5.Bxe4 Nf6 6.Bf3 O-O 7.Ne2 Nbd7 8.O-O
Nb6 9.Bg5 Be7 10.Re1 c6 11.Qd3 Nbd5 12.Rad1 b6 13.Nb1 h6 14.Bd2 Bb7 15.c4 
Nc7 16.Bc3 Qc8 17.Qe3 Re8 18.Qf4 Qd7 19.Nd2 Rad8 20.Qg3 Qc8 21.Ne4 Nxe4 
22.Bxe4 Bd6 23.Qf3 Qa8 24.g4 Be7 25.Nf4 b5 26.b3 bxc4 27.bxc4 Na6 28.Rb1 
Rc8 29.Bd3 Bg5 30.Nh3 Bf6 31.Qe4 Rb8 32.Qh7+ Kf8 33.Nf4 Ke7 34.Nh5 Rh8 35.
Qe4 c5 36.Rxb7+ Qxb7 37.Nxf6 Qxe4 38.Nxe4 cxd4 39.Ba5 Nb4 40.Bxb4+ Rxb4 
41.Nc5 Rb2 42.Re2 Rxe2 43.Bxe2 Kd6 44.Nb3 e5 45.Kg2 g6 46.Bd3 Rf8 47.f3 f5
48.h3 h5 49.Kg3 hxg4 50.hxg4 Ke6 51.Nc5+ Kd6 52.Nb3 Ke7 53.c5 Kd7 54.Kh4 
Kc6 55.gxf5 gxf5 56.Kg5 Kd5 57.Bxf5 d3 58.Be4+ Kc4 59.c6 Kb5 60.Kg6 Kb6 
61.Kg7 Rf4 62.Nd2 Kc7 63.a4 Rh4 64.Kf6 Rh2 65.Nc4 d2 66.Nxd2 Rxd2 67.Kxe5 
Ra2 68.f4 Rxa4 69.Bd5 Rb4 70.f5 a5 71.f6 Rb8 1/2-1/2

[Event "20th EUR-ch"]
[Site "Skopje MKD"]
[Date "2019.03.27"]
[Round "9"]
[White "Azadaliyev, Jahandar"]
[Black "Tomashevskaya, Lidia"]
[Result "1/2-1/2"]
[WhiteElo "1863"]
[BlackElo "2112"]
[EventDate "2019.03.18"]
[Board "164"]
[PlyCount "75"]

1.d4 d5 2.c4 dxc4 3.e3 Nf6 4.Bxc4 e6 5.Nf3 a6 6.a4 c5 7.Nc3 Nc6 8.O-O Qc7 
9.d5 Na5 10.b3 Nxc4 11.bxc4 exd5 12.cxd5 Bd6 13.e4 O-O 14.h3 Re8 15.Re1 
Nd7 16.Bb2 Ne5 17.Nxe5 Bxe5 18.Qd3 c4 19.Qc2 Bd7 20.g3 Bxh3 21.f4 Bxf4 22.
gxf4 Qxf4 23.Qf2 Qg4+ 24.Kh2 Qh5 25.Bc1 Bg4+ 26.Kg1 Bf3 27.Qg3 Rad8 28.Kf2
Bg4 29.Rg1 f5 30.e5 b5 31.Ba3 Qh6 32.Bc1 Qh5 33.Ba3 b4 34.Bxb4 Qh6 35.Kg2 
Qd2+ 36.Qf2 Qd3 37.Qg3 Qd2+ 38.Qf2 1/2-1/2

[Event "20th EUR-ch"]
[Site "Skopje MKD"]
[Date "2019.03.27"]
[Round "9"]
[White "Chittka, Julius"]
[Black "Krstev, Emil"]
[Result "1-0"]
[WhiteElo "2288"]
[BlackElo "2050"]
[EventDate "2019.03.18"]
[Board "165"]
[PlyCount "33"]

1.Nf3 f5 2.d3 Nf6 3.e4 fxe4 4.dxe4 Nxe4 5.Bd3 Nc5 6.Ne5 Nxd3+ 7.cxd3 d6 8.
Qh5+ g6 9.Nxg6 hxg6 10.Qxh8 Bf5 11.Nc3 Bxd3 12.Bh6 Nd7 13.O-O-O Bc4 14.Ne4
Bxa2 15.Rhe1 a5 16.Rxd6 Qc8 17.Nf6+ 1-0

[Event "20th EUR-ch"]
[Site "Skopje MKD"]
[Date "2019.03.27"]
[Round "9"]
[White "Filip, Andrei"]
[Black "Martinov, Levko"]
[Result "1/2-1/2"]
[WhiteElo "1894"]
[BlackElo "2225"]
[EventDate "2019.03.18"]
[Board "166"]
[PlyCount "38"]

1.e4 e6 2.d4 d5 3.Nd2 Nf6 4.e5 Nfd7 5.Bd3 c5 6.c3 Nc6 7.Ne2 Qb6 8.Nf3 cxd4
9.cxd4 Bb4+ 10.Bd2 Bxd2+ 11.Qxd2 Qb4 12.Rc1 Qxd2+ 13.Nxd2 Ndb8 14.O-O Bd7 
15.a3 O-O 16.b4 a6 17.f4 f5 18.Nb3 b6 19.Nc3 Na7 1/2-1/2

[Event "20th EUR-ch"]
[Site "Skopje MKD"]
[Date "2019.03.27"]
[Round "9"]
[White "De Seroux, Camille"]
[Black "Veljanoski, Andrej"]
[Result "1-0"]
[WhiteElo "2160"]
[BlackElo "2063"]
[EventDate "2019.03.18"]
[Board "167"]
[PlyCount "67"]

1.e4 e5 2.Nc3 Nf6 3.f4 d5 4.fxe5 Nxe4 5.Nf3 Bf5 6.d3 Nxc3 7.bxc3 c5 8.Rb1 
Qd7 9.Be2 Be7 10.O-O Nc6 11.Qe1 O-O 12.Qg3 Rfe8 13.Bd2 Bd8 14.Kh1 b6 15.
Rbe1 Qe6 16.Bd1 Rb8 17.Nh4 Bxh4 18.Qxh4 Nd8 19.Qa4 Qd7 20.Qf4 Bg6 21.Bg4 
Ne6 22.Rf2 Rbd8 23.Qf3 Qa4 24.Ref1 Rd7 25.Qh3 Qxc2 26.Bxe6 Rde7 27.Bg5 
Qxf2 28.Rxf2 Rxe6 29.d4 cxd4 30.cxd4 Rc8 31.Qf3 f6 32.Qxd5 Bf7 33.Qf3 Rce8
34.h3 1-0

[Event "20th EUR-ch"]
[Site "Skopje MKD"]
[Date "2019.03.27"]
[Round "9"]
[White "Ivanova, Karina"]
[Black "Dwilewicz, Katarzyna"]
[Result "1/2-1/2"]
[WhiteElo "2114"]
[BlackElo "2040"]
[EventDate "2019.03.18"]
[Board "168"]
[PlyCount "81"]

1.Nf3 c5 2.c4 Nc6 3.d4 cxd4 4.Nxd4 e5 5.Nb5 a6 6.Nd6+ Bxd6 7.Qxd6 Qf6 8.
Qxf6 Nxf6 9.g3 Nd4 10.Na3 d6 11.Bg2 Rb8 12.Be3 Nc6 13.Bb6 Ke7 14.O-O-O Ra8
15.Rd2 Bf5 16.Rhd1 Rhc8 17.Rxd6 Ke8 18.b3 Ne4 19.Bxe4 Bxe4 20.f3 Bf5 21.e4
Be6 22.Nc2 g6 23.Kb2 Ke7 24.c5 h5 25.Ne3 Nd4 26.f4 f6 27.Ba5 Rxc5 28.R6xd4
Rxa5 29.Rb4 Rb5 30.Rxb5 axb5 31.fxe5 fxe5 32.Nd5+ Kf7 33.Rf1+ Kg7 34.Nc7 
Bh3 35.Nxa8 Bxf1 36.Kc3 b4+ 37.Kd2 Bb5 38.Nb6 Bc6 39.Ke3 Kf7 40.Nc4 Ke6 
41.Nd2 1/2-1/2

[Event "20th EUR-ch"]
[Site "Skopje MKD"]
[Date "2019.03.27"]
[Round "9"]
[White "Huttl, Sofie"]
[Black "Ivankovic, Ivo"]
[Result "0-1"]
[WhiteElo "1741"]
[BlackElo "2109"]
[EventDate "2019.03.18"]
[Board "169"]
[PlyCount "130"]

1.e4 c5 2.Nf3 d6 3.d4 cxd4 4.Nxd4 Nf6 5.Nc3 g6 6.Be3 Bg7 7.f3 O-O 8.Bc4 
Nc6 9.Qd2 Bd7 10.O-O-O Qa5 11.Kb1 Rfc8 12.Bd3 Ne5 13.g4 Nc4 14.Bxc4 Rxc4 
15.Nb3 Qa6 16.Bd4 Be6 17.g5 Nd7 18.Bxg7 Kxg7 19.h4 Rac8 20.h5 Ne5 21.Rdf1 
Rxc3 22.bxc3 Nc4 23.Qf4 Na3+ 24.Kb2 Nb5 25.a4 Nxc3 26.hxg6 Nxa4+ 27.Kc1 
fxg6 28.Nd4 Bg8 29.e5 Nc5 30.Kd2 Qa5+ 31.Ke3 Qc3+ 32.Kf2 Rf8 33.Qe3 Qxe3+ 
34.Kxe3 dxe5 35.Nb5 Bc4 36.Rb1 a5 37.Nc3 Rb8 38.Rh4 Be6 39.Rb5 b6 40.Ne4 
Nd7 41.Nd2 Rc8 42.c4 Rc6 43.Kd3 Bf5+ 44.Kc3 Rd6 45.Rd5 Be6 46.Rb5 Nc5 47.
Rh2 Rd3+ 48.Kc2 Bf5 49.Kd1 Nd7 50.Rb3 Rd4 51.Ke1 Be6 52.Rc3 Nc5 53.Re2 
Nd3+ 54.Kd1 Nb2+ 55.Kc2 Nxc4 56.Nxc4 Bxc4 57.Rxe5 Kf7 58.Ree3 e6 59.Re1 
Rf4 60.Rh1 Kg7 61.Re3 b5 62.Kc3 Bd5 63.Rf1 b4+ 64.Kb2 a4 65.Kc1 h5 0-1

[Event "20th EUR-ch"]
[Site "Skopje MKD"]
[Date "2019.03.27"]
[Round "9"]
[White "Asllani, Muhamet"]
[Black "Andolfatto, Maria"]
[Result "1/2-1/2"]
[WhiteElo "2105"]
[BlackElo "2033"]
[EventDate "2019.03.18"]
[Board "170"]
[PlyCount "109"]

1.e4 e5 2.Nf3 Nc6 3.Nc3 Nf6 4.d4 exd4 5.Nxd4 Bb4 6.Bg5 d6 7.Bb5 Bd7 8.O-O 
Nxd4 9.Bxf6 gxf6 10.Bxd7+ Qxd7 11.Nd5 O-O-O 12.Qxd4 Bc5 13.Qxf6 c6 14.Ne7+
Kb8 15.Nf5 Rhg8 16.Rad1 Rg6 17.Qc3 Qe6 18.Qf3 Rdg8 19.g3 Rf6 20.Qc3 h5 21.
b4 Bxb4 22.Qxb4 d5 23.Rb1 b6 24.f3 h4 25.Qe7 hxg3 26.h3 dxe4 27.fxe4 Rxf5 
28.Qxe6 Rxf1+ 29.Rxf1 fxe6 30.Kg2 Kb7 31.h4 b5 32.h5 Kb6 33.h6 Kc5 34.h7 
Rh8 35.Rh1 Kd6 36.Rh5 Ke7 37.Kxg3 Kf6 38.Kf4 a5 39.Rh6+ Kf7 40.Ke5 c5 41.
Rf6+ Kg7 42.Rxe6 Kxh7 43.Rb6 b4 44.Kd5 Kg7 45.Kxc5 Rh2 46.e5 Rxc2+ 47.Kd6 
Rxa2 48.e6 Kf6 49.Kd7 Re2 50.Ra6 b3 51.e7+ Kf7 52.e8=Q+ Rxe8 53.Rxa5 Rb8 
54.Ra1 Kf6 55.Kd6 1/2-1/2

[Event "20th EUR-ch"]
[Site "Skopje MKD"]
[Date "2019.03.27"]
[Round "9"]
[White "Bajrami, Zejno"]
[Black "Gebigke, Martin"]
[Result "0-1"]
[WhiteElo "1938"]
[BlackElo "2078"]
[EventDate "2019.03.18"]
[Board "172"]
[PlyCount "106"]

1.e4 c5 2.Nf3 d6 3.Bb5+ Bd7 4.Bxd7+ Qxd7 5.O-O Nf6 6.Re1 e6 7.b3 Be7 8.Bb2
O-O 9.c4 b5 10.cxb5 Qxb5 11.d4 cxd4 12.Nxd4 Qb7 13.Nc3 Rd8 14.Qf3 Nbd7 15.
Rad1 Rac8 16.Nde2 Rc7 17.Ng3 Rdc8 18.h3 Rc6 19.Qe3 Bd8 20.Re2 Bb6 21.Qd2 
Ba5 22.Re3 d5 23.e5 Nxe5 24.Rxe5 Bxc3 25.Bxc3 Rxc3 26.Rg5 g6 27.Qd4 Qe7 
28.Re1 Rc1 29.Rxc1 Rxc1+ 30.Kh2 Rc5 31.Re5 Nd7 32.Re2 a5 33.f4 Qf6 34.Qd2 
Qc3 35.Qd1 h5 36.Rf2 Nf6 37.Rf3 Qb2 38.Nh1 Rc2 39.Qg1 Ne4 40.Ng3 Nf2 41.a4
h4 42.Nf1 d4 43.b4 axb4 44.a5 Ne4 45.a6 Qa1 46.Rd3 Rc4 47.Nd2 Rc1 48.Nb3 
Rxg1 49.Nxa1 Rxa1 50.g4 hxg3+ 51.Kg2 Ra2+ 52.Kg1 Nc5 53.Rxd4 Nxa6 0-1

[Event "20th EUR-ch"]
[Site "Skopje MKD"]
[Date "2019.03.27"]
[Round "9"]
[White "Peycheva, Gergana"]
[Black "Markovski, Velo"]
[Result "1-0"]
[WhiteElo "2065"]
[BlackElo "1935"]
[EventDate "2019.03.18"]
[Board "173"]
[PlyCount "87"]

1.d4 e6 2.g3 f5 3.Bg2 Nf6 4.c4 Bb4+ 5.Nd2 O-O 6.Nf3 Nc6 7.O-O Bxd2 8.Qxd2 
Ne4 9.Qc2 Qe8 10.b3 d6 11.Bb2 Qh5 12.a3 Ne7 13.Ne1 Nf6 14.Nd3 g5 15.e3 Ng6
16.f3 Bd7 17.e4 fxe4 18.fxe4 Ng4 19.Bf3 Rxf3 20.Rxf3 Nxh2 21.Rf2 Ng4 22.
Qe2 Qh3 23.Rf3 d5 24.cxd5 exd5 25.e5 Bb5 26.Qg2 Qh6 27.Nf2 Nxf2 28.Qxf2 g4
29.Rf6 Bd3 30.Bc1 Qg7 31.Qe3 Be4 32.Qg5 Bf3 33.Bd2 Rf8 34.Re1 Re8 35.Qh6 
Qe7 36.Bb4 c5 37.Bxc5 Qxf6 38.exf6 Rxe1+ 39.Kf2 Re2+ 40.Kf1 Kf7 41.Qg7+ 
Ke6 42.f7 Rh2 43.Qxg6+ hxg6 44.f8=Q 1-0

[Event "20th EUR-ch"]
[Site "Skopje MKD"]
[Date "2019.03.27"]
[Round "9"]
[White "Tadic, Katarina"]
[Black "Roch, Florian"]
[Result "1-0"]
[WhiteElo "2031"]
[BlackElo "1916"]
[EventDate "2019.03.18"]
[Board "174"]
[PlyCount "66"]

1.Nf3 Nf6 2.c4 e6 3.g3 b6 4.Bg2 c6 5.O-O Ba6 6.b3 Be7 7.Bb2 O-O 8.d4 d5 9.
Nbd2 Nfd7 10.e4 f5 11.exd5 exd5 12.Re1 Nf6 13.Ng5 Qd7 14.Ndf3 Ne4 15.Ne5 
Qc8 16.Nxh7 Kxh7 17.Qh5+ Kg8 18.Bxe4 dxe4 19.Ng6 Qd8 20.Qh8+ Kf7 21.Ne5+ 
Kf6 22.Qh4+ Ke6 23.d5+ cxd5 24.cxd5+ Qxd5 25.Qh5 Qd2 26.Ng6 Qxb2 27.Rad1 
Bd6 28.Nxf8+ Bxf8 29.g4 Be2 30.Qxf5+ Ke7 31.Qxe4+ Kf7 32.Qd5+ Ke7 33.Qe4+ 
Kf7 1-0

[Event "20th EUR-ch"]
[Site "Skopje MKD"]
[Date "2019.03.27"]
[Round "9"]
[White "Miftari, Hedon"]
[Black "Kocyigit, Buse Naz"]
[Result "0-1"]
[WhiteElo "1527"]
[BlackElo "1973"]
[EventDate "2019.03.18"]
[Board "175"]
[PlyCount "96"]

1.e4 c5 2.Nf3 d6 3.d4 cxd4 4.Nxd4 Nf6 5.Nc3 a6 6.Bg5 e6 7.f4 Qb6 8.a3 Be7 
9.Qd2 h6 10.Bxf6 Bxf6 11.O-O-O O-O 12.Nb3 Rd8 13.Kb1 Qc7 14.g4 b5 15.h4 
Bb7 16.Bg2 Bxc3 17.bxc3 Nd7 18.Qxd6 Qxd6 19.Rxd6 Nf6 20.Rxd8+ Rxd8 21.Nc5 
Ba8 22.g5 Nh5 23.Nd3 Rc8 24.gxh6 gxh6 25.Kb2 Kh7 26.Bf3 Ng3 27.Re1 f5 28.
exf5 Bxf3 29.Re3 Nxf5 30.Rxf3 Nxh4 31.Re3 Rc6 32.Ne5 Nf5 33.Nxc6 Nxe3 34.
Nd4 Kg6 35.Nxe6 Kf5 36.Nd4+ Kxf4 37.Kb3 h5 38.Ne2+ Kf3 39.Ng1+ Kf2 40.Nh3+
Kg3 41.Ng1 h4 42.a4 Nd5 43.axb5 axb5 44.c4 bxc4+ 45.Kxc4 Nf4 46.Kd4 Kg2 
47.Ke4 Kxg1 48.Kxf4 h3 0-1

[Event "20th EUR-ch"]
[Site "Skopje MKD"]
[Date "2019.03.27"]
[Round "9"]
[White "Taleski, Vaso"]
[Black "Hart, Alexander"]
[Result "1-0"]
[WhiteElo "1677"]
[BlackElo "1885"]
[EventDate "2019.03.18"]
[Board "176"]
[PlyCount "65"]

1.e4 c6 2.d4 d5 3.e5 Bf5 4.Bd3 Bxd3 5.Qxd3 e6 6.Nf3 Qa5+ 7.Bd2 Qa6 8.Qxa6 
Nxa6 9.a3 c5 10.dxc5 Nxc5 11.Nc3 Rc8 12.O-O Ne7 13.Nb5 Nc6 14.Be3 a6 15.
Nbd4 Nd7 16.Nxc6 bxc6 17.b4 c5 18.c3 a5 19.bxa5 Be7 20.Rfb1 O-O 21.Rb7 
Rfd8 22.a6 h6 23.h4 Bf8 24.a7 Ra8 25.Rab1 f6 26.Bf4 g5 27.hxg5 fxg5 28.
Nxg5 hxg5 29.Bxg5 Rdc8 30.Rxd7 c4 31.Rbb7 d4 32.Rxd4 Bc5 33.Rdd7 1-0